| 000 | 00643nam a2200205Ia 4500 | ||
|---|---|---|---|
| 003 | GCL | ||
| 008 | 140319s9999 xx 000 0 ara d | ||
| 040 |
_aGCL / _cGCL |
||
| 082 | 0 | 4 |
_a162 _bك ف |
| 100 | 1 | _aماهر عبدالقادر محمد على | |
| 245 | 1 | 0 |
_aفلسفة العلوم: تركيب الثورات العلمية ج5 / _cماهر عبدالقادر محمد على |
| 700 | 1 | _aكون توماس | |
| 300 | _a267 ص | ||
| 490 | _a | ||
| 650 | 0 | 4 | _aالعلم والحضارة |
| 650 | 0 | 4 | _aالمنطق الصورى |
| 650 | 0 | 4 | _aالكشوف العلمية |
| 650 | 0 | 4 | _aالعلوم - تاريخ |
| 942 |
_2ddc _cBK |
||
| 999 |
_c37582 _d37582 |
||